Our work, Our lives, Our words (Record no. 355493)

MARC details
000 -LEADER
fixed length control field 004570000a22001690004500
020 ## - INTERNATIONAL STANDARD BOOK NUMBER
International Standard Book Number 0389206563
060 ## - NATIONAL LIBRARY OF MEDICINE CALL NUMBER
Classification number 100
082 ## - DEWEY DECIMAL CLASSIFICATION NUMBER
Classification number 331.4 DAV
100 ## - MAIN ENTRY--PERSONAL NAME
Personal name Davieloff, Leonore
100 ## - MAIN ENTRY--PERSONAL NAME
Personal name Westover, Belinda
245 ## - TITLE STATEMENT
Title Our work, Our lives, Our words
260 ## - PUBLICATION, DISTRIBUTION, ETC. (IMPRINT)
Place of publication, distribution, etc. New Jersey, Barnes & Noble books
260 ## - PUBLICATION, DISTRIBUTION, ETC. (IMPRINT)
Date of publication, distribution, etc. 1986
300 ## - PHYSICAL DESCRIPTION
Extent 189
650 ## - SUBJECT ADDED ENTRY--TOPICAL TERM
Topical term or geographic name as entry element Women- employment- Great Britain/ Work family- Great Britain- History- 20th century
942 ## - ADDED ENTRY ELEMENTS (KOHA)
Koha item type Books (General)
Holdings
Withdrawn status Lost status Damaged status Not for loan Collection code Home library Current library Shelving location Date acquired Total Checkouts Full call number Barcode Date last seen Price effective from Koha item type
        Malayalam College of Agriculture, Vellayani College of Agriculture, Vellayani   02/05/2014   331.4 DAV KAU_COAV-22100 02/05/2014 12/05/2022 Books (General)
Kerala Agricultural University Central Library
Thrissur-(Dt.), Kerala Pin:- 680656, India
Ph : (+91)(487) 2372219
E-mail: librarian@kau.in
Website: http://library.kau.in/